Liverpool - Tous les joueurs de 2010 à 2025 - Statistiques

Statistiques générales
  • Ce quiz a été pris 1 431 fois
    125 depuis la dernière actualisation
  • Le résultat moyen est 53 sur 181
Statistiques - réponses
Saisons Nationalités Joueur Nombre
De Matchs
Poste % Correct
2017 - Égypte MohamedSalah 401 A
99%
2018 - Brésil Alisson 298 G
97%
2017 - Pays - Bas VirgilVan Dijk 319 D
97%
1998 - 2015 Angleterre StevenGerrard 710 M
94%
2015 - 2023 Brésil RobertoFirmino 362 A
93%
2016 - 2022 Sénégal SadioMané 269 A
93%
2016 - 2025 Angleterre TrentAlexander - Arnold 354 D
88%
2011 - 2023 Angleterre JordanHenderson 492 M
87%
2017 - Écosse AndrewRobertson 342 D
80%
2016 - 2021 Pays - Bas GeorginoWijnaldum 237 M
80%
2015 - 2023 Angleterre JamesMilner 332 M
80%
2015 - 20172018 - 2022 Belgique DivockOrigi 175 A
78%
2007 - 2011 Espagne FernandoTorres 142 A
77%
2012 - 2018 Brésil PhilippeCoutinho 201 A
77%
2020 - 2025 Portugal DigoJota 182 A
76%
2018 - 2023 Brésil Fabinho 219 M
76%
2010 - 2014 Uruguay LuisSuarez 133 A
76%
2022 - 2025 Uruguay DarwinNunez 143 A
75%
2021 - France IbrahimaKonaté 132 D
75%
2015 - Angleterre JoeGomez 241 D
73%
2005 - 2013 Espagne PepeReina 394 G
73%
2013 - 2019 Belgique SimonMignolet 204 G
73%
2023 - Argentine AlexisMac Allister 94 M
72%
2021 - 2025 Colombie LuisDiaz 148 A
72%
2010 - 2015 Australie BradJones 27 G
71%
2022 - Pays - Bas CodyGakpo 128 A
71%
2018 - Angleterre CurtisJones 179 M
71%
2016 - 2024 Cameroun JoelMatip 201 D
70%
2007 - 2016 Slovaquie MartinSkrtel 320 D
69%
2016 - 2018 Allemagne LorisKarius 49 G
68%
2014 - 2020 Croatie DejanLovren 185 D
67%
2013 - 2017 France MamadouSakho 80 D
66%
2006 - 2012 Pays - Bas DirkKuyt 285 A
64%
2023 - Hongrie DominikSzoboszlai 94 M
64%
1996 - 2013 Angleterre JamieCarragher 737 D
64%
2020 - 2025 Grèce KonstantinosTsimikas 115 D
64%
2011 - 2015 Angleterre RaheemSterling 129 A
63%
2012 - 2019 Angleterre DanielSturridge 160 A
62%
2018 - 2023 Guinée NabyKeita 129 M
62%
2018 - 2021 Suisse XherdanShaqiri 63 A
60%
2007 - 2017 Brésil LucasLeiva 346 M
59%
2023 - Pays - Bas RyanGravenberch 87 M
59%
2014 - 2020 Angleterre AdamLallana 178 M
56%
2017 - 2023 Angleterre AlexOxlade - Chamberlain 146 M
56%
2013 - 2016 CoteD'ivoire KoloTouré 71 D
56%
2014 - 2015 Italie MarioBalotelli 28 A
56%
2020 - 2024 Espagne ThiagoAlcantara 98 M
55%
2014 - 2018 Allemagne EmreCan 167 M
53%
2019 - 20202021 - 2025 Angleterre HarveyElliott 147 M/A
53%
2023 - Japon WataruEndo 75 M
53%
2019 - 2022 Japon TakumiMinamino 55 A
48%
2024 - Italie FedericoChiesa 14 A
45%
2019 - 2025 Irlande CaoimhinKelleher 67 G
44%
2010 - 2012 Angleterre AndyCarroll 58 A
43%
2009 - 2015 Angleterre GlenJohnson 200 D
43%
2012 - 2016 PaysDe Galles JoeAllen 132 M
43%
2014 - 2019 Espagne AlbertoMoreno 141 D
42%
2006 - 2011 Argentine JavierMascherano 139 M
41%
2015 - 2016 Belgique ChristianBenteke 42 A
40%
2015 - 2020 Angleterre NathanielClyne 103 D
38%
2007 - 2011 Pays - Bas RyanBabel 146 A
38%
2021 - 20222023 - IrlandeDu Nord ConorBradley 57 D
35%
2014 - 2015 PaysDe Galles MjWilliams 1 M
34%
2019 - 2022 PaysDe Galles NecoWilliams 33 D
34%
2020 - 2022 Angleterre RhysWilliams 19 D
34%
2019 - 2024 Espagne Adrian 26 G
31%
2005 - 2014 Danemark DanielAgger 232 D
31%
2010 - 20112012 - 2013 Angleterre JoeCole 42 M
29%
2009 - 2012 Argentine MaxiRodriguez 73 A
29%
2016 - 2018 Estonie RagnarKlavan 53 D
24%
2014 - 2015 Serbie LazarMarkovic 34 A
23%
2019 - 2023 Angleterre NathanielPhillips 29 D
23%
2011 - 2013 Angleterre StewartDowning 91 M
23%
2010 - 2012 Écosse DannyWilson 9 D
22%
2012 - 20132014 - 2015 Italie FabioBorini 38 A
22%
2022 - 2023 Portugal FabioCarvalho 21 M
22%
2016 - 20172020 - 2021 Pays De Galles HarryWilson 2 A
22%
2013 - 2014 Espagne IagoAspas 15 A
22%
2015 - 2018 Angleterre DannyIngs 25 A
21%
2023 - 2025 Angleterre JarrelQuansah 58 D
21%
2010 - 2011 Portugal RaulMeireles 44 M
21%
2014 - 2015 Angleterre RickieLambert 36 A
21%
2022 - 2023 Brésil ArthurMelo 1 M
20%
2022 - 2024 Espagne StefanBajcetic 22 M
20%
2013 - 2014 Nigéria VictorMoses 22 M
20%
2022 - 2023 Écosse CalvinRamsay 2 D
18%
2017 - 2019 Angleterre DominicSolanke 27 A
18%
2012 - 20142015 - 2016 Angleterre JordonIbe 58 A
18%
2011 - 2012 Écosse CharlieAdam 37 M
16%
2011 - 2014 Uruguay SimonCoates 24 D
16%
2009 - 2011 Italie AlbertoAquilani 28 M
15%
2013 - 20142015 - 2016 Australie BradSmith 11 D
15%
2010 - 2016 Angleterre JonFlanagan 51 D
14%
2011 - 2016 Espagne JoséEnrique 99 D
14%
2020 - 2021 Turquie OzanKabak 13 D
14%
2013 - 2014 Espagne LuisAlberto 12 M
13%
2021 - 20222024 - 2025 Angleterre TylerMorton 14 M
12%
2022 - 2024 Ecosse BenDoak 10 A
11%
2008 - 2011 France DavidN'Gog 94 A
11%
2012 - 2016 Angleterre JeromeSinclair 5 A
11%
2010 - 2013 Angleterre JonjoShelvey 69 M
11%
2015 - 20162019 - 2020 Espagne PedroChirivella 11 M
11%
2015 - 2016 Hongrie AdamBogdan 6 G
10%
2013 - 2014 France AlyCissokho 19 D
10%
2010 - 2011 Danemark ChristianPoulsen 21 M
10%
2006 - 2012 Brésil FabioAurelio 133 D
10%
2014 - 2015 Espagne JavierManquillo 19 D
10%
2012 - 2013 Turquie NuriSahin 12 M
10%
2019 - 2020 PaysDe Galles IsaacChristie - Davies 1 M
9%
2016 - 2018 Serbie MarkoGrujic 16 M
9%
2008 - 2014 Angleterre MartinKelly 62 D
9%
2015 - 2016 Angleterre RyanKent 1 A
9%
2015 - 2017 Angleterre SheyiOjo 13 A
9%
2024 - 2025 RépubliqueTchèque VitezslavJaros 2 G
9%
2016 - 2018 Pays De Galles Ben Woodburn 11 M
8%
2022 - 2024 Angleterre BobbyClark 14 M
8%
2006 - 20072011 - 2012 PaysDe Galles CraigBellamy 79 A
8%
2012 - 2013 Maroc OussamaAssaidi 12 A
8%
2019 - 2021 Angleterre RhianBrewster 4 A
8%
2019 - 2021 Pays - Bas SeppVan Der Berg 4 D
8%
2009 - 2011 Grèce SotirisKyrgiakos 49 D
8%
2015 - 20162017 - 2018 PaysDe Galles DannyWard 3 G
7%
2019 - 2020 Angleterre HerbieKane 2 M
7%
2010 - 2013 Angleterre JackRobinson 11 D
7%
2018 - 2020 Pays - Bas Ki - JanaHoever 4 D
7%
2015 - 2016 Portugal TiagoIlori 3 D
7%
2023 - Angleterre TreyNyoni 6 M
7%
2010 - 2013 Angleterre AndreWisdom 22 D
6%
2021 - 2024 Angleterre KaideGordon 7 A
6%
2015 - 2017 Jamaique KevinStewart 20 M
6%
2023 - 2024 Angleterre LukeChambers 4 D
6%
2010 - 2011 Serbie MilanJovanovic 18 A
6%
2021 - 2024 PaysDe Galles OwenBeck 3 D
6%
2015 - 2016 SierraLeone StevenCaulker 4 D
6%
2012 - 20132014 - 2015 Espagne Suso 21 A
6%
2019 - 2021 Algérie YasserLarouci 2 D
6%
2012 - 2013 Angleterre ConorCoady 2 D
5%
2011 - 2013 Brésil Doni 4 G
5%
2023 - Angleterre JaydenDanns 9 A
5%
2008 - 2012 Angleterre JaySpearing 55 M
5%
2015 - 2016 Angleterre JoeMaguire 1 D
5%
2016 - 2018 Angleterre OvieEjaria 8 M
5%
2010 - 2011 Angleterre PaulKonchesky 18 D
5%
2018 - 2019 Portugal RafaelCamacho 2 A
5%
2010 - 2011 Angleterre TomInce 1 A
5%
2024 - Angleterre AmaraNallo 1 D
4%
2020 - 2022 France BillyKoumetio 2 D
4%
2014 - 2016 Angleterre JordanRossiter 5 M
4%
2019 - 2020 PaysDe Galles AdamLewis 1 D
3%
2012 - 2013 Angleterre AdamMorgan 3 A
3%
2015 - 2016 Angleterre CameronBrannagan 9 M
3%
2009 - 2013 Espagne DaniPacheco 17 M
3%
2010 - 2011 Angleterre DavidAmoo 1 A
3%
2008 - 2011 Brésil DiegoCavalieri 10 G
3%
2023 - 2025 Angleterre JamesMcConnell 13 M
3%
2019 - 2023 Angleterre JamesNorris 2 D
3%
2013 - 20142015 - 2016 Portugal Joao CrlosTeixeira 8 M
3%
2019 - 2021 Angleterre LeightonClarkson 3 M
3%
2023 - 2024 Pays deGalles LewisKoumas 1 A
3%
2019 - 2020 PaysDe Galles MorganBoyes 2 D
3%
2009 - 2011 Angleterre NathanEccleston 9 A
3%
2012 - 2013 Allemagne SamedYesil 2 A
3%
2008 - 2011 France StephenDarby 6 D
3%
2015 - 2017 Angleterre ConnorRandall 8 D
2%
2021 - 2024 Angleterre HarveyBlair 1 A
2%
2019 - 2020 Angleterre JackBearne 1 A
2%
2019 - 2020 Angleterre JakeCain 1 M
2%
2020 - 2021 Angleterre JoeHardy 1 A
2%
2010 - 2011 Finlande LauriDalla Valle 1 A
2%
2019 - 2020 Canada LiamMillar 1 A
2%
2019 - 2021 Angleterre LuisLongstaff 1 A
2%
2023 - 2024 Pologne MateuszMusialowski 1 M
2%
2021 - 2024 Angleterre MaxWoltman 1 A
2%
2021 - 2024 Allemagne MelkamuFrauendorf 1 M
2%
2015 - 2016 Espagne SergiCanos 1 A
2%
2019 - 2020 Pays De Galles TomHill 1 M
2%
2019 - 2020 Écosse TonyGallacher 1 D
2%
2023 - 2024 Angleterre CalumScanlon 2 D
1%
2024 - 2025 Zimbabwe IsaacMabaya 1 D
1%
2024 - Irlande TrentKone - Doherty 1 A
1%
2019 - 2022 Angleterre ElijahDixon - Banner 3 M
0%
Aucun quiz correspondant
Distribution des résultats
% des personnes avec chaque résultat
Percentile par nombre de réponses
Votre historique - résultats
Vous n’avez pas pris ce quiz depuis la dernière actualisation